[Event "CN Equipas 2017 - 1. div"]
[Site "Leiria POR"]
[Date "2017.07.22"]
[Round "5.5.1"]
[White "Larino, David"]
[Black "Fier, Alexandr"]
[Result "1/2-1/2"]
[WhiteElo "2495"]
[BlackElo "2589"]
[WhiteFideId "2256444"]
[BlackFideId "2107139"]
[WhiteTeam "O AmanhÃ£ da CrianÃ§a 'A'"]
[BlackTeam "AX Portugal/Atlantidiagonal 'A'"]
[WhiteTitle "GM"]
[BlackTitle "GM"]
[PlyCount "37"]

1. e3 e5 2. d4 exd4 3. exd4 d5 4. Bd3 c5 5. Nf3 c4 6. Be2 Nf6 7. O-O h6 8. b3
cxb3 9. axb3 Bd6 10. Nc3 Nc6 11. Nb5 Be7 12. Bf4 O-O 13. Bc7 Qd7 14. Ne5 Nxe5
15. Bxe5 a6 16. Nc7 Ra7 17. Nb5 Ra8 18. Nc7 Ra7 19. Nb5 1/2-1/2

[Event "CN Equipas 2017 - 1. div"]
[Site "Leiria POR"]
[Date "2017.07.22"]
[Round "5.5.2"]
[White "Santos, José Alves"]
[Black "Espineira, Diego"]
[Result "0-1"]
[WhiteElo "2196"]
[BlackElo "2364"]
[WhiteFideId "1900366"]
[BlackFideId "2229498"]
[WhiteTeam "AX Portugal/Atlantidiagonal 'A'"]
[BlackTeam "O AmanhÃ£ da CrianÃ§a 'A'"]
[WhiteTitle "NM"]
[BlackTitle "IM"]
[PlyCount "114"]

1. e4 e6 2. d4 d5 3. Nc3 h6 4. Bd3 Nc6 5. Nf3 Nb4 6. Be2 Nf6 7. e5 Ne4 8. a3
Nxc3 9. bxc3 Nc6 10. O-O Na5 11. Nd2 c5 12. f4 Qc7 13. Rb1 Bd7 14. Kh1 O-O-O 15.
Rf3 c4 16. Nf1 f6 17. exf6 gxf6 18. Ne3 Be8 19. Rh3 Bf7 20. f5 e5 21. Ng4 Qe7
22. dxe5 fxe5 23. Bxh6 Bxh6 24. Nxh6 Nc6 25. Nxf7 Qxf7 26. Rxh8 Rxh8 27. Bg4 Kc7
28. Rb5 Rd8 29. Qf1 Rd6 30. Rb1 b6 31. Re1 Qf6 32. Bh3 e4 33. Qf4 Qxc3 34. Rf1
e3 35. Bg4 Qe5 36. f6 Qxf4 37. Rxf4 Rd8 38. f7 Rf8 39. c3 Ne5 40. Be2 Rxf7 41.
Rxf7+ Nxf7 42. g4 Kd6 43. Kg2 Ke5 44. Kf3 Ng5+ 45. Kxe3 Ne4 46. h4 Nxc3 47. Bf1
d4+ 48. Kd2 Ne4+ 49. Kc2 b5 50. g5 a5 51. g6 Kf6 52. Bg2 d3+ 53. Kc1 Nf2 54. Kd2
b4 55. axb4 axb4 56. Bf3 Kxg6 57. Ke3 b3 0-1

[Event "CN Equipas 2017 - 1. div"]
[Site "Leiria POR"]
[Date "2017.07.22"]
[Round "5.5.4"]
[White "Maisuradze, Nino"]
[Black "Pinheiro, Albano"]
[Result "1-0"]
[WhiteElo "2266"]
[BlackElo "2071"]
[WhiteFideId "13601717"]
[BlackFideId "1901761"]
[WhiteTeam "AX Portugal/Atlantidiagonal 'A'"]
[BlackTeam "O AmanhÃ£ da CrianÃ§a 'A'"]
[WhiteTitle "WGM"]
[PlyCount "79"]

1. d4 Nf6 2. Nf3 e6 3. Bf4 b6 4. e3 Bb7 5. h3 Be7 6. Nbd2 O-O 7. Bd3 c5 8. c3
cxd4 9. cxd4 Nc6 10. a3 d6 11. O-O Rc8 12. Qe2 Rc7 13. Rfd1 Qd7 14. e4 Rfc8 15.
Bh2 g6 16. e5 dxe5 17. dxe5 Nd5 18. Bb5 Qd8 19. Ne4 Nb8 20. Nd4 a6 21. Ba4 b5
22. Bb3 Nc6 23. Nxc6 Rxc6 24. Bg3 R6c7 25. Nd6 Bxd6 26. exd6 Rc5 27. Kh2 Qd7 28.
a4 b4 29. Rd4 Qc6 30. f3 a5 31. Rad1 Qd7 32. Be5 Nb6 33. Qe3 Nc4 34. Bxc4 Rxc4
35. Rxc4 Rxc4 36. Bf6 Bd5 37. Rxd5 exd5 38. Qe7 Qxe7 39. Bxe7 Rc8 40. d7 1-0

[Event "CN Equipas 2017 - 1. div"]
[Site "Leiria POR"]
[Date "2017.07.21"]
[Round "6.1.1"]
[White "Sprenger, Jan"]
[Black "Fier, Alexandr"]
[Result "1/2-1/2"]
[WhiteElo "2514"]
[BlackElo "2589"]
[WhiteFideId "4646258"]
[BlackFideId "2107139"]
[WhiteTeam "GX Porto 'A'"]
[BlackTeam "AX Portugal/Atlantidiagonal 'A'"]
[WhiteTitle "IM"]
[BlackTitle "GM"]
[PlyCount "83"]

1. e4 c5 2. Nf3 Nc6 3. d4 cxd4 4. Nxd4 Nf6 5. Nc3 e5 6. Ndb5 d6 7. Bg5 a6 8. Na3
b5 9. Bxf6 gxf6 10. Nd5 f5 11. Bd3 Be6 12. c3 Bg7 13. Nxb5 axb5 14. Bxb5 Bd7 15.
exf5 O-O 16. a4 e4 17. O-O Re8 18. Re1 Rc8 19. a5 Ne5 20. Bxd7 Nxd7 21. Re3 Re5
22. a6 Nf6 23. Nxf6+ Bxf6 24. Qg4+ Kf8 25. Rxe4 Qb6 26. Rxe5 dxe5 27. Qe2 Ra8
28. g3 Ra7 29. b4 e4 30. Qxe4 Rxa6 31. Rxa6 Qxa6 32. c4 Qa1+ 33. Kg2 Qb2 34. b5
Bd4 35. Qf4 Kg7 36. h4 h6 37. Qg4+ Kh7 38. Qf4 Kg7 39. Qg4+ Kh7 40. Qf4 Qc3 41.
Qe4 Kg7 42. Qf4 1/2-1/2

[Event "CN Equipas 2017 - 1. div"]
[Site "Leiria POR"]
[Date "2017.07.21"]
[Round "6.1.2"]
[White "Carneiro, Carlos"]
[Black "Iruzubieta, Jesus"]
[Result "0-1"]
[WhiteElo "2175"]
[BlackElo "2428"]
[WhiteFideId "1900170"]
[BlackFideId "2200597"]
[WhiteTeam "AX Portugal/Atlantidiagonal 'A'"]
[BlackTeam "GX Porto 'A'"]
[WhiteTitle "NM"]
[BlackTitle "FM"]
[PlyCount "56"]

1. d4 Nf6 2. c4 d6 3. Nc3 e5 4. Nf3 Nbd7 5. g3 Be7 6. Bg2 O-O 7. O-O c6 8. e4
Re8 9. Qc2 Bf8 10. h3 Qc7 11. Be3 exd4 12. Nxd4 a5 13. Rad1 Nc5 14. Rfe1 g6 15.
b3 Bd7 16. a3 Rad8 17. Bg5 Bg7 18. Bxf6 Bxf6 19. Ndb5 Qb8 20. Nxd6 Re6 21. b4
Rxd6 22. bxc5 Rxd1 23. Rxd1 Be6 24. Rxd8+ Qxd8 25. Na4 Qd4 26. Bf1 Qa1 27. Qb3
Bxh3 28. Qd3 Bd4 0-1

[Event "CN Equipas 2017 - 1. div"]
[Site "Leiria POR"]
[Date "2017.07.21"]
[Round "6.1.3"]
[White "Trigo Urquijo, Sergio"]
[Black "Maisuradze, Nino"]
[Result "1-0"]
[WhiteElo "2389"]
[BlackElo "2266"]
[WhiteFideId "2262436"]
[BlackFideId "13601717"]
[WhiteTeam "GX Porto 'A'"]
[BlackTeam "AX Portugal/Atlantidiagonal 'A'"]
[WhiteTitle "FM"]
[BlackTitle "WGM"]
[PlyCount "105"]

1. d4 d5 2. c4 e6 3. Nc3 Be7 4. cxd5 exd5 5. Bf4 c6 6. Qc2 Bd6 7. Bxd6 Qxd6 8.
e3 Ne7 9. Bd3 b6 10. Nf3 Ba6 11. O-O Bxd3 12. Qxd3 O-O 13. a3 Nd7 14. Ne2 a5 15.
a4 Rfb8 16. Qa3 Qb4 17. Nf4 c5 18. Rfc1 c4 19. b3 Qxa3 20. Rxa3 b5 21. axb5 Rxb5
22. bxc4 dxc4 23. Kf1 Nb6 24. Nd2 a4 25. Ne2 Rb4 26. Nc3 Rc8 27. Rb1 Ned5 28.
Nxd5 Nxd5 29. Rxb4 Nxb4 30. Rxa4 Rb8 31. Nxc4 Nd5 32. g3 f5 33. Ra5 Ne7 34. Kg2
g6 35. Ra7 Nd5 36. h4 Rc8 37. Ne5 Rc2 38. Kf3 Nf6 39. Kf4 Rxf2+ 40. Kg5 Ne4+ 41.
Kh6 Kf8 42. Kxh7 Nxg3 43. Kxg6 Re2 44. Ra3 Rh2 45. d5 Ne4 46. Kxf5 Nd6+ 47. Ke6
Ne4 48. d6 Rd2 49. Ra8+ Kg7 50. d7 Nc5+ 51. Ke7 Nxd7 52. Nxd7 Rd3 53. e4 1-0

[Event "CN Equipas 2017 - 1. div"]
[Site "Leiria POR"]
[Date "2017.07.21"]
[Round "6.1.4"]
[White "Pereira, Fernando Melão"]
[Black "Lombaers, Peter"]
[Result "0-1"]
[WhiteElo "2054"]
[BlackElo "2327"]
[WhiteFideId "1900153"]
[BlackFideId "1032852"]
[WhiteTeam "AX Portugal/Atlantidiagonal 'A'"]
[BlackTeam "GX Porto 'A'"]
[WhiteTitle "NM"]
[BlackTitle "FM"]
[PlyCount "114"]

1. d4 Nf6 2. c4 e6 3. Nc3 Bb4 4. e3 O-O 5. Nf3 d5 6. Bd3 c5 7. O-O cxd4 8. exd4
dxc4 9. Bxc4 b6 10. Qe2 Bb7 11. Bg5 Bxc3 12. bxc3 Nbd7 13. Ba6 Bxa6 14. Qxa6 Qc7
15. Bxf6 Nxf6 16. Rac1 Rfd8 17. c4 Rac8 18. h3 Nd7 19. Qb5 Qd6 20. Rfd1 Nf6 21.
a4 Rc7 22. a5 h6 23. axb6 axb6 24. Rb1 Ne4 25. Rdc1 Rdc8 26. Qa6 Ng5 27. Nxg5
hxg5 28. c5 Qxd4 29. c6 Rb8 30. Qb5 f6 31. Qb3 Qd6 32. Rd1 Qxc6 33. Rbc1 Qxc1
34. Qxe6+ Kh8 35. Rxc1 Rxc1+ 36. Kh2 b5 37. Qd6 Rcc8 38. Qb4 Rc4 39. Qd6 Rbc8
40. g3 b4 41. h4 gxh4 42. g4 Rxg4 43. Kh3 Rcc4 44. Qe6 Rge4 45. Qf7 b3 46. Qh5+
Kg8 47. Qd5+ Kf8 48. Qd8+ Kf7 49. Qd7+ Kg6 50. Qd3 Rcd4 51. Qxb3 Rf4 52. Qc2+
Rf5 53. Qe2 Rdf4 54. Qe8+ Kh7 55. Qf7 Rxf2 56. Kxh4 R2f3 57. Kg4 R5f4+ 0-1

[Event "CN Equipas 2017 - 1. div"]
[Site "Leiria POR"]
[Date "2017.07.21"]
[Round "6.2.1"]
[White "Vasques, António"]
[Black "Larino, David"]
[Result "0-1"]
[WhiteElo "2307"]
[BlackElo "2495"]
[WhiteFideId "1908332"]
[BlackFideId "2256444"]
[WhiteTeam "Sporting Clube Portugal 'A'"]
[BlackTeam "O AmanhÃ£ da CrianÃ§a 'A'"]
[WhiteTitle "FM"]
[BlackTitle "GM"]
[PlyCount "92"]

1. e4 e5 2. Nf3 d6 3. d4 exd4 4. Nxd4 Nf6 5. Nc3 Nc6 6. Be2 Be7 7. O-O Nxd4 8.
Qxd4 O-O 9. Be3 Re8 10. Rad1 Ng4 11. Bxg4 Bxg4 12. f3 Bd7 13. Nd5 Bf8 14. c4 b6
15. Qd2 Bc6 16. Rfe1 Bb7 17. Bg5 Qc8 18. Kh1 c6 19. Ne3 Qe6 20. b3 f6 21. Bf4
Rad8 22. Nc2 Qf7 23. Ne3 Qh5 24. Qf2 Rd7 25. Rd3 Ba6 26. Red1 Red8 27. a4 Bb7
28. Qd2 g6 29. Ng4 Be7 30. Qc3 Kf7 31. Bxd6 Qg5 32. e5 h5 33. Nf2 Bxd6 34. Ne4
Qxe5 35. Nxd6+ Kf8 36. Qd2 c5 37. Qh6+ Kg8 38. Qxg6+ Rg7 39. Nf5 Rxg6 40. Rxd8+
Kf7 41. Nd6+ Kg7 42. Rd7+ Kg8 43. Nxb7 Qb2 44. R1d2 Qxb3 45. Nd8 Qxc4 46. Kg1
Rg7 0-1

[Event "CN Equipas 2017 - 1. div"]
[Site "Leiria POR"]
[Date "2017.07.21"]
[Round "6.2.2"]
[White "Espineira, Diego"]
[Black "Santos, António P"]
[Result "0-1"]
[WhiteElo "2364"]
[BlackElo "2237"]
[WhiteFideId "2229498"]
[BlackFideId "1900161"]
[WhiteTeam "O AmanhÃ£ da CrianÃ§a 'A'"]
[BlackTeam "Sporting Clube Portugal 'A'"]
[WhiteTitle "IM"]
[BlackTitle "FM"]
[PlyCount "160"]

1. e4 c5 2. Nf3 Nc6 3. d4 cxd4 4. Nxd4 e6 5. Nb5 d6 6. c4 Nf6 7. N5c3 Be7 8. g3
h5 9. h3 d5 10. exd5 exd5 11. cxd5 Nb4 12. a3 Nbxd5 13. Bg2 Be6 14. O-O Qd7 15.
Qf3 Rd8 16. Rd1 Qc8 17. Bg5 O-O 18. Rc1 Qd7 19. Rd1 Qc7 20. Qe2 Rfe8 21. Nb5 Qb6
22. N1c3 a6 23. Nd4 Nxc3 24. bxc3 Bc8 25. Bxf6 Bxf6 26. Qxh5 Re5 27. Qf3 Rc5 28.
Rd3 Qb2 29. Re1 Qxa3 30. Nb5 Qa5 31. Rxd8+ Qxd8 32. Rd1 Qe7 33. Nd6 Be6 34. Qxb7
Qxb7 35. Bxb7 a5 36. Ne4 Rc7 37. Nxf6+ gxf6 38. Rd8+ Kg7 39. Bg2 Rxc3 40. Ra8
Rc1+ 41. Kh2 Ra1 42. Bc6 Bb3 43. Rb8 a4 44. Rb4 Bc2 45. Rb2 Bb3 46. Kg2 Be6 47.
Rd2 a3 48. Bd5 a2 49. Bxa2 Bxa2 50. Rd4 Be6 51. h4 f5 52. Kf3 Ra2 53. Rb4 Kf6
54. Rb5 Rc2 55. Ke3 Rc3+ 56. Kf4 Rc4+ 57. Ke3 Bd7 58. Rb6+ Ke5 59. h5 f4+ 60.
gxf4+ Rxf4 61. Rb7 Re4+ 62. Kd3 Rd4+ 63. Ke3 Rd1 64. Ke2 Rd5 65. h6 Kd6 66. Rb8
Rh5 67. Rh8 Ke7 68. Ke3 Kf6 69. h7 Bf5 70. Rb8 Rxh7 71. Rb6+ Be6 72. Ra6 Rh3+
73. Kd2 Ke5 74. Ke1 Kd4 75. Rb6 Rb3 76. Rd6+ Bd5 77. Kf1 f5 78. Ke2 Rb2+ 79. Kf1
f4 80. Kg1 Rb1+ 0-1

[Event "CN Equipas 2017 - 1. div"]
[Site "Leiria POR"]
[Date "2017.07.21"]
[Round "6.2.3"]
[White "Silva, Fernando"]
[Black "Padeiro, José"]
[Result "1/2-1/2"]
[WhiteElo "2249"]
[BlackElo "2276"]
[WhiteFideId "1900188"]
[BlackFideId "1901311"]
[WhiteTeam "Sporting Clube Portugal 'A'"]
[BlackTeam "O AmanhÃ£ da CrianÃ§a 'A'"]
[WhiteTitle "IM"]
[BlackTitle "FM"]
[PlyCount "80"]

1. d4 e6 2. Nf3 Nf6 3. c4 Bb4+ 4. Bd2 Qe7 5. Nc3 O-O 6. e3 d6 7. Be2 a5 8. O-O
Bxc3 9. Bxc3 Ne4 10. Be1 b6 11. Nd2 Nxd2 12. Bxd2 Bb7 13. Bf3 Bxf3 14. Qxf3 Nd7
15. Bc3 e5 16. Rfd1 e4 17. Qg3 f5 18. d5 Rae8 19. Bd4 Ne5 20. Bxe5 dxe5 21. Qh3
Rf6 22. g3 f4 23. Re1 Ref8 24. Qg2 fxg3 25. fxg3 Rf3 26. Qc2 Rf2 27. Re2 Rxe2
28. Qxe2 Rf3 29. Rf1 Qc5 30. Rxf3 exf3 31. Qxf3 Qxc4 32. Qf5 Qc1+ 33. Kg2 Qd2+
34. Kh3 Qxd5 35. Qc8+ Kf7 36. Qxc7+ Kf6 37. Qxb6+ Kg5 38. Qc7 Qe6+ 39. Kg2 Qd5+
40. Kh3 Qe6+ 1/2-1/2

[Event "CN Equipas 2017 - 1. div"]
[Site "Leiria POR"]
[Date "2017.07.21"]
[Round "6.2.4"]
[White "Trindade, Rui"]
[Black "Leão, Tiago"]
[Result "0-1"]
[WhiteElo "2033"]
[BlackElo "2075"]
[WhiteFideId "1903721"]
[BlackFideId "1925563"]
[WhiteTeam "O AmanhÃ£ da CrianÃ§a 'A'"]
[BlackTeam "Sporting Clube Portugal 'A'"]
[PlyCount "78"]

1. e4 c5 2. Nf3 d6 3. d4 cxd4 4. Nxd4 Nf6 5. Nc3 g6 6. Bc4 Bg7 7. Be3 O-O 8. f3
Nc6 9. Qd2 Bd7 10. O-O-O Rc8 11. Bb3 Ne5 12. h4 h5 13. g4 hxg4 14. f4 Nc4 15.
Bxc4 Rxc4 16. f5 Rxc3 17. Qxc3 Nxe4 18. Qe1 gxf5 19. h5 e5 20. h6 Bf6 21. h7+
Kh8 22. Nb3 Bc6 23. Na5 d5 24. Bh6 Bg5+ 25. Kb1 Re8 26. Rh5 Qf6 27. Bxg5 Nxg5
28. Qh4 Ne4 29. Qxf6+ Nxf6 30. Rxf5 Re6 31. Rdf1 Ne4 32. Rg1 Rf6 33. Rxe5 Nd2+
34. Kc1 Nf3 35. Rf1 g3 36. Re2 Nd4 37. Ree1 Rxf1 38. Rxf1 g2 39. Re1 g1=Q 0-1

[Event "CN Equipas 2017 - 1. div"]
[Site "Leiria POR"]
[Date "2017.07.21"]
[Round "6.3.1"]
[White "Martinez, Lelys"]
[Black "Medarde Santiago, Luis Marcos"]
[Result "1/2-1/2"]
[WhiteElo "2495"]
[BlackElo "2354"]
[WhiteFideId "3504727"]
[BlackFideId "2263076"]
[WhiteTeam "GD Dias Ferreira 'A'"]
[BlackTeam "FC Barreirense 'A'"]
[WhiteTitle "GM"]
[BlackTitle "FM"]
[PlyCount "71"]

1. e4 c5 2. Nf3 g6 3. c3 d5 4. d3 dxe4 5. dxe4 Qxd1+ 6. Kxd1 b6 7. Ne5 Nd7 8.
Bb5 f6 9. Nc4 Bb7 10. f3 O-O-O 11. Kc2 Nb8 12. Ne3 Ba6 13. a4 Kb7 14. Na3 Nc6
15. Nd5 e5 16. Nc4 Bxb5 17. axb5 Nce7 18. Rd1 Nxd5 19. Rxd5 Rxd5 20. exd5 h5 21.
Kd3 Ne7 22. f4 exf4 23. d6 Nf5 24. Bxf4 Bxd6 25. Nxd6+ Nxd6 26. Re1 Re8 27. Rxe8
Nxe8 28. Ke4 Kc8 29. Kd5 Kd7 30. h3 Ng7 31. g4 hxg4 32. hxg4 f5 33. Be5 Ne6 34.
gxf5 gxf5 35. c4 Nd8 36. Kd4 1/2-1/2

[Event "CN Equipas 2017 - 1. div"]
[Site "Leiria POR"]
[Date "2017.07.21"]
[Round "6.3.3"]
[White "Suarez Garcia, Carlos"]
[Black "Tubio, Pablo Agrasar"]
[Result "1-0"]
[WhiteElo "2455"]
[BlackElo "1988"]
[WhiteFideId "22230858"]
[BlackFideId "2275988"]
[WhiteTeam "GD Dias Ferreira 'A'"]
[BlackTeam "FC Barreirense 'A'"]
[WhiteTitle "IM"]
[PlyCount "77"]

1. d4 Nf6 2. Bg5 d5 3. Bxf6 exf6 4. e3 Bd6 5. g3 c6 6. Nd2 Nd7 7. Bg2 O-O 8. Ne2
Re8 9. O-O Nf8 10. c4 dxc4 11. Nxc4 Be6 12. Nxd6 Qxd6 13. Nc3 Rad8 14. Qa4 a6
15. Rfd1 f5 16. Qa5 Nd7 17. d5 cxd5 18. Nxd5 Qc5 19. Qxc5 Nxc5 20. Nc7 Rf8 21.
b4 Ne4 22. Bxe4 fxe4 23. Nxe6 fxe6 24. Rxd8 Rxd8 25. Rc1 Kf7 26. Rc7+ Kf6 27.
Rxb7 Rd1+ 28. Kg2 Ra1 29. Ra7 Rxa2 30. b5 a5 31. b6 Rb2 32. b7 Rb1 33. h4 g6 34.
g4 e5 35. Ra6+ Kf7 36. Rxa5 Rxb7 37. Rxe5 Rb4 38. g5 Kg7 39. Re7+ 1-0

[Event "CN Equipas 2017 - 1. div"]
[Site "Leiria POR"]
[Date "2017.07.21"]
[Round "6.3.4"]
[White "Ulyanovskyy, Viktor"]
[Black "Gonzalez Perez, Arian"]
[Result "0-1"]
[WhiteElo "2219"]
[BlackElo "2461"]
[WhiteFideId "14113350"]
[BlackFideId "3507777"]
[WhiteTeam "FC Barreirense 'A'"]
[BlackTeam "GD Dias Ferreira 'A'"]
[WhiteTitle "FM"]
[BlackTitle "IM"]
[PlyCount "62"]

1. e4 g6 2. g3 c6 3. Bg2 d5 4. Nc3 d4 5. Nce2 d3 6. cxd3 Qxd3 7. Nf4 Qa6 8. d4
Bg7 9. h3 Nd7 10. Nf3 e6 11. Qd3 Qxd3 12. Nxd3 Ne7 13. Be3 O-O 14. O-O b6 15.
Rfc1 Bb7 16. Nd2 Rfd8 17. Nc4 Nf6 18. Nce5 Ne8 19. a4 f6 20. Nf3 c5 21. Nf4 cxd4
22. Nxe6 dxe3 23. Nxd8 exf2+ 24. Kxf2 Rxd8 25. Rd1 Nd6 26. e5 fxe5 27. Ng5 Bxg2
28. Kxg2 Nef5 29. Rd3 Rc8 30. Rad1 Nd4 31. Ne6 Rc2+ 0-1

[Event "CN Equipas 2017 - 1. div"]
[Site "Leiria POR"]
[Date "2017.07.21"]
[Round "6.4.1"]
[White "Luch, Michal"]
[Black "Iturrizaga, Eduardo"]
[Result "0-1"]
[WhiteElo "2393"]
[BlackElo "2664"]
[WhiteFideId "1120042"]
[BlackFideId "3901211"]
[WhiteTeam "AA Coimbra 'A'"]
[BlackTeam "AX Gaia 'A'"]
[WhiteTitle "IM"]
[BlackTitle "GM"]
[PlyCount "114"]

1. c4 c5 2. g3 g6 3. Bg2 Bg7 4. Nc3 Nc6 5. a3 d6 6. Rb1 Bf5 7. d3 Qd7 8. Bd2 h5
9. h4 Nf6 10. b4 O-O 11. Nf3 Rab8 12. b5 Nd4 13. Nxd4 cxd4 14. Nd5 Nxd5 15. Bxd5
e6 16. Bf3 Rbe8 17. e4 dxe3 18. Bxe3 d5 19. cxd5 exd5 20. O-O Qd6 21. Bf4 Qxa3
22. Qb3 Qxb3 23. Rxb3 Rd8 24. Be3 b6 25. d4 Rd7 26. Ra1 Rc8 27. Rba3 Rcc7 28.
Be2 Bf8 29. R3a2 Bd6 30. Bf4 Bxf4 31. gxf4 Kf8 32. f3 Ke8 33. Kf2 Re7 34. Rd2
Kd7 35. Ra3 Bc2 36. Bf1 Bf5 37. Be2 Kd6 38. Rda2 Ke6 39. Bf1 Kf6 40. Be2 Bb1 41.
Rb2 Bc2 42. Kf1 Bf5 43. Kf2 Rc1 44. Rba2 Rh1 45. Bf1 Rxh4 46. Kg3 g5 47. fxg5+
Kxg5 48. Rxa7 Rxa7 49. Rxa7 Rxd4 50. Rxf7 h4+ 51. Kf2 Rb4 52. Ke3 d4+ 53. Kf2
Rb2+ 54. Kg1 h3 55. f4+ Kg6 56. Re7 h2+ 57. Kh1 Rb1 0-1

[Event "CN Equipas 2017 - 1. div"]
[Site "Leiria POR"]
[Date "2017.07.21"]
[Round "6.4.2"]
[White "Ftacnik, Lubomir"]
[Black "Brodowski, Piotr"]
[Result "1/2-1/2"]
[WhiteElo "2551"]
[BlackElo "2442"]
[WhiteFideId "14900017"]
[BlackFideId "1124480"]
[WhiteTeam "AX Gaia 'A'"]
[BlackTeam "AA Coimbra 'A'"]
[WhiteTitle "GM"]
[BlackTitle "IM"]
[PlyCount "78"]

1. d4 d6 2. Nf3 g6 3. c4 Bg7 4. Nc3 Nc6 5. e3 e5 6. Be2 h6 7. dxe5 dxe5 8. Qxd8+
Nxd8 9. Bd2 Ne6 10. O-O-O Bd7 11. h4 Ne7 12. g4 Bc6 13. b4 b6 14. h5 e4 15. Nh4
Rf8 16. b5 Bb7 17. Nd5 Bxd5 18. cxd5 Nc5 19. Bb4 g5 20. Nf5 Nxf5 21. gxf5 Kd7
22. Rhg1 Rfe8 23. Bxc5 bxc5 24. d6 cxd6 25. Bc4 Re5 26. Rd5 Rae8 27. Rgd1 Rxd5
28. Rxd5 Re5 29. Rxe5 Bxe5 30. Bxf7 Bc3 31. Bd5 Ke7 32. Bxe4 Be1 33. a4 Kf6 34.
Kd1 Ba5 35. f3 Ke5 36. Bc2 d5 37. Ke2 c4 38. Bb1 Bb4 39. Bc2 Ba5 1/2-1/2

[Event "CN Equipas 2017 - 1. div"]
[Site "Leiria POR"]
[Date "2017.07.21"]
[Round "6.4.3"]
[White "Hammes, Michael"]
[Black "Petkov, Vladimir"]
[Result "0-1"]
[WhiteElo "2349"]
[BlackElo "2489"]
[WhiteFideId "4619358"]
[BlackFideId "2901188"]
[WhiteTeam "AA Coimbra 'A'"]
[BlackTeam "AX Gaia 'A'"]
[WhiteTitle "IM"]
[BlackTitle "GM"]
[PlyCount "82"]

1. d4 Nf6 2. c4 e6 3. Nc3 Bb4 4. e3 O-O 5. Nge2 c6 6. a3 Ba5 7. b4 Bc7 8. Bb2 d5
9. Ng3 Nbd7 10. f4 dxc4 11. Bxc4 a5 12. bxa5 Nd5 13. Qd3 Qh4 14. O-O Rxa5 15.
Nce2 f5 16. Bc3 Ra8 17. Bb4 Re8 18. Bxd5 exd5 19. Nxf5 Qf6 20. g4 Qe6 21. Neg3
Nf6 22. h3 b6 23. Rfe1 Ba6 24. Qd2 h5 25. Qh2 hxg4 26. hxg4 Kf7 27. Qh4 Rh8 28.
Qg5 Rh7 29. Ne7 Qxg4 30. Qxg4 Nxg4 31. Nxc6 Rh2 32. Rad1 Rah8 33. Rd2 Rxd2 34.
Bxd2 Rh2 35. Bb4 Rc2 36. Ne5+ Bxe5 37. fxe5 Nh2 38. Re2 Nf3+ 39. Kf1 g5 40. Kf2
Bxe2 41. Nxe2 Ng1 0-1

[Event "CN Equipas 2017 - 1. div"]
[Site "Leiria POR"]
[Date "2017.07.21"]
[Round "6.4.4"]
[White "Strikovic, Aleksa"]
[Black "Diogo, Vasco"]
[Result "1/2-1/2"]
[WhiteElo "2509"]
[BlackElo "2213"]
[WhiteFideId "900150"]
[BlackFideId "1902628"]
[WhiteTeam "AX Gaia 'A'"]
[BlackTeam "AA Coimbra 'A'"]
[WhiteTitle "GM"]
[BlackTitle "FM"]
[PlyCount "78"]

1. Nf3 c5 2. c4 Nf6 3. g3 g6 4. Bg2 Bg7 5. d4 cxd4 6. Nxd4 O-O 7. Nc3 Nc6 8. O-O
Qa5 9. Nb3 Qh5 10. Nd5 g5 11. e4 Qxd1 12. Rxd1 g4 13. c5 Nxd5 14. exd5 Ne5 15.
d6 exd6 16. cxd6 Rb8 17. Be3 b6 18. Rac1 a5 19. Nd4 Ba6 20. Rc7 Rfe8 21. b3 Bf8
22. Nf5 Be2 23. Rd5 Bd3 24. Rxd3 Nxd3 25. Rxd7 Ne5 26. Rb7 Rxb7 27. Bxb7 Nd7 28.
Bc6 Rd8 29. Bd4 Bxd6 30. Bxd7 Rxd7 31. Bxb6 Bc7 32. Bxc7 Rxc7 33. Nh6+ Kg7 34.
Nxg4 Rc2 35. a4 Rc3 36. Ne3 Rxb3 37. Nc4 Rc3 38. Nxa5 Ra3 39. Nc4 Rxa4 1/2-1/2

[Event "CN Equipas 2017 - 1. div"]
[Site "Leiria POR"]
[Date "2017.07.21"]
[Round "6.5.1"]
[White "Cuenca Jimenez, José"]
[Black "Zeibel, Patrick"]
[Result "1/2-1/2"]
[WhiteElo "2498"]
[BlackElo "2452"]
[WhiteFideId "2255570"]
[BlackFideId "24624322"]
[WhiteTeam "ADRC Mata de Benfica 'A'"]
[BlackTeam "CX Montemor-o-Velho/CTGA 'A'"]
[WhiteTitle "GM"]
[BlackTitle "IM"]
[PlyCount "154"]

1. c4 c5 2. Nf3 Nc6 3. d4 cxd4 4. Nxd4 e6 5. Nc3 Bc5 6. Nb3 Bb4 7. g3 Nf6 8. Bg2
d5 9. cxd5 Nxd5 10. O-O Nxc3 11. bxc3 Be7 12. Qxd8+ Nxd8 13. Be3 Bd7 14. Na5 Rc8
15. Nxb7 Nxb7 16. Bxb7 Rxc3 17. Bxa7 Rc7 18. Rab1 Bc8 19. Bxc8 Rxa7 20. Rb7 Rxb7
21. Bxb7 Kd7 22. a4 Rb8 23. Bf3 Rb6 24. Rc1 Ra6 25. Bb7 Rb6 26. Be4 Ra6 27. Bd3
Ra7 28. Bb5+ Kd8 29. Kg2 Bb4 30. Rc4 Ba5 31. Rc6 h6 32. Kf3 Be1 33. h4 Bb4 34.
Rc4 Ba5 35. g4 Rc7 36. Rd4+ Ke7 37. Kg2 Bb6 38. Rd3 Ba5 39. f4 Be1 40. h5 f6 41.
f5 e5 42. Rd1 Ba5 43. Kf3 Bb6 44. Ke4 Bd4 45. e3 Bb6 46. Rd2 Ba5 47. Rd3 Bb6 48.
Rd1 Ba5 49. Kd5 Bb6 50. Rd3 Rc5+ 51. Ke4 Rc7 52. Rb3 Kd6 53. Bd3 Ba7 54. a5 Rc5
55. Bb5 Kc7 56. a6 Bb6 57. Be8 Ra5 58. Bb5 Kd6 59. Bd3 Kc6 60. Rb4 Kc7 61. Rc4+
Rc5 62. Rb4 Ra5 63. Bc4 Kc6 64. Bd5+ Kc7 65. Bb7 Bc5 66. Rb1 Kd6 67. Rd1+ Kc7
68. Rc1 Kd6 69. Rc3 Ra4+ 70. Kf3 Ra5 71. Bc8 Kc6 72. Rb3 Kc7 73. Bb7 Ra3 74.
Rxa3 Bxa3 75. Ke4 Bc5 76. Kd3 Kd6 77. Kd4 Kd5+ 1/2-1/2

[Event "CN Equipas 2017 - 1. div"]
[Site "Leiria POR"]
[Date "2017.07.21"]
[Round "6.5.2"]
[White "Polaczek, Richard"]
[Black "Camacho Collados, Marcos"]
[Result "1/2-1/2"]
[WhiteElo "2406"]
[BlackElo "2417"]
[WhiteFideId "200026"]
[BlackFideId "2266237"]
[WhiteTeam "CX Montemor-o-Velho/CTGA 'A'"]
[BlackTeam "ADRC Mata de Benfica 'A'"]
[WhiteTitle "IM"]
[BlackTitle "IM"]
[PlyCount "65"]

1. d4 e6 2. c4 Nf6 3. Nc3 Bb4 4. e3 b6 5. f3 c5 6. d5 O-O 7. e4 d6 8. Nge2 b5 9.
Ng3 Re8 10. Bf4 Bb7 11. Be2 exd5 12. cxd5 c4 13. O-O Nbd7 14. Kh1 a6 15. Nf5 Ne5
16. Qd2 Bc8 17. g4 Bc5 18. a4 Bxf5 19. gxf5 Qb6 20. Bg5 Kf8 21. Bxf6 gxf6 22.
Qh6+ Ke7 23. f4 Nd7 24. Bh5 Rf8 25. axb5 axb5 26. Rxa8 Rxa8 27. Bxf7 Kxf7 28.
Qxh7+ Ke8 29. Qg6+ Ke7 30. Qg7+ Ke8 31. Qg6+ Ke7 32. Qg7+ Ke8 33. Qg6+ 1/2-1/2

[Event "CN Equipas 2017 - 1. div"]
[Site "Leiria POR"]
[Date "2017.07.21"]
[Round "6.5.3"]
[White "Barrero Garcia, Carlos"]
[Black "Figuero Toro, Julian"]
[Result "1/2-1/2"]
[WhiteElo "2309"]
[BlackElo "2314"]
[WhiteFideId "2219522"]
[BlackFideId "2210347"]
[WhiteTeam "ADRC Mata de Benfica 'A'"]
[BlackTeam "CX Montemor-o-Velho/CTGA 'A'"]
[WhiteTitle "IM"]
[BlackTitle "FM"]
[PlyCount "31"]

1. d4 Nf6 2. c4 e6 3. Nf3 Bb4+ 4. Nbd2 O-O 5. a3 Be7 6. e4 d5 7. e5 Nfd7 8. cxd5
exd5 9. Bd3 c5 10. O-O Nc6 11. Re1 a5 12. Bb1 a4 13. Bc2 b5 14. Nb1 cxd4 15. Qd3
g6 16. Bh6 1/2-1/2